000 00559nam a2200217Ia 4500
003 OSt
005 20220928135625.0
006 a|||||r|||| 00| 0
007 ta
008 220927b |||||||| |||| 00| 0 eng d
024 _a4011
037 _cTextual
040 _aSDCL
_cSDCL
_beng
041 _2eng
_aeng
082 _aO-,1M65:g(S), L3
100 _aWebster Brenda S
_9492213
245 0 _aYeats
_b A psychoanalytic study
260 _c1973
942 _hO-,1M65:g(S), L3
_cTEXL
_2CC
999 _c807711
_d807711